[Event "Baleares-chT"]
[Site "Palma de Mallorca"]
[Date "2022.02.26"]
[Round "6.4"]
[White "Pulido Sancho, Alfredo"]
[Black "Gomila Gomila, Pedro"]
[Result "0-1"]
[WhiteElo "2000"]
[BlackElo "1694"]
[PlyCount "94"]
[EventDate "2022.01.22"]
[EventType "team-tourn"]
[EventRounds "7"]
[EventCountry "ESP"]
[SourceTitle "EXT 2023"]
[Source "ChessBase"]
[SourceDate "2022.10.05"]
[SourceVersion "1"]
[SourceVersionDate "2022.10.05"]
[SourceQuality "1"]
[WhiteTeam "Can Tiu Sa Dragonera"]
[BlackTeam "Cercle de Cultura Es Castell"]
[WhiteTeamCountry "ESP"]
[BlackTeamCountry "ESP"]

1. d4 d5 2. Nf3 Nf6 3. Bg5 e6 4. e3 Be7 5. Nbd2 Nbd7 6. Bd3 h6 7. Bh4 b6 8. 0-0 0-0 9. Ne5 Nxe5 10. dxe5 Nd7 11. Bg3 c5 12. c3 a5 13. Qe2 c4 14. Bc2 Ba6 15. f4 Bc5 16. Rad1 Qe7 17. Kh1 b5 18. e4 Nb6 19. f5 exf5 20. exf5 f6 21. e6 Rad8 22. Nf3 Rfe8 23. Bf4 Bd6 24. Be3 Bc5 25. Bf4 Bb7 26. Nd4 b4 27. Qg4 Bxd4 28. Rxd4 bxc3 29. bxc3 Qa3 30. Bd2 Na4 31. Qg6 Rc8 32. Bxa4 Qxa4 33. Qf7+ Kh8 34. Rg4 Rg8 35. Bf4 Rcf8 36. Qxb7 Qc2 37. Qxd5 Rd8 38. Qxa5 Qe2 39. h3 Qxf1+ 40. Kh2 Rd1 41. Qc5 Qh1+ 42. Kg3 Rd3+ 43. Kh4 Qe1+ 44. Kh5 Kh7 45. Qe7 Qe4 46. Rxg7+ Rxg7 47. Qxf6 Qxf4 0-1